Statistics for Animals: No Vowels #2

Click here to take the quiz!

General Stats

  • This quiz has been taken 40 times
    (35 since last reset)
  • The average score is 29 of 33

Answer Stats

HintAnswer% Correct
HdghgHedgehog
100%
Kmd DrgnKomodo Dragon
100%
MnkyMonkey
100%
mprr PngnEmperor Penguin
96%
FlmngFlamingo
96%
FxFox
96%
FrgFrog
96%
KngrKangaroo
96%
LmrLemur
96%
LprdLeopard
96%
FrrtFerret
93%
Grn WdpckrGreen Woodpecker
93%
HrsHorse
93%
HynHyena
93%
GrffGiraffe
89%
Grt spttd wdpckrGreat spotted woodpecker
89%
hppptmshippopotamus
89%
MmmthMammoth
89%
strchOstrich
89%
ttrOtter
89%
GrllGorilla
85%
Gn PgGuinea Pig
85%
LnLion
85%
MrktMeerkat
85%
MsMouse
85%
JyJay
81%
LmmngLemming
81%
ctpsOctopus
81%
wlOwl
81%
rngtnOrangutan
78%
mEmu
67%
KlKoala
63%
HrnHeron
44%

Score Distribution

Percentile by Number Answered

Percent of People with Each Score

Your Score History

You have not taken this quiz since the last reset